| 000 | 00738nam a22001577a 4500 | ||
|---|---|---|---|
| 003 | OSt | ||
| 005 | 20150924175624.0 | ||
| 008 | 150924b xxu||||| |||| 00| 0 eng d | ||
| 040 | _cRUA | ||
| 082 | _aAGR CHE 2012 B051 Or.1 | ||
| 100 |
_91296 _aCHEA, RANIN. |
||
| 245 | _aEffectiveness on planting tool with dry seed in rain fed lowland and irrigation condition ការវាយតំលៃប្រសិទ្ធភាពឧបករណ៍ដាំដុះគ្រាប់ស្រូវស្ងួតក្នុងលក្ខខណ្ឌប្រព័ន្ធស្រោចស្រព និងស្រូវបង្កើនផល | ||
| 260 |
_aPhnom Penh _bRUA _c2012 |
||
| 300 |
_ax; 37p. _bill. _c29cm. |
||
| 942 |
_2ddc _cAGR |
||
| 999 |
_c1226 _d1226 |
||